Normale Ansicht
MARC-Ansicht
Eintrag Personenname
001 - Kontrollnummer
- Kontrollfeld: 68265
003 - Kontrollnummer Identifier
- Kontrollfeld:
005 - Datum und Zeit der letzten Transaktion
- Kontrollfeld: 20260116154427.0
008 - Datenelemente mit fester Länge
- Kontrollfeld mit fester Länge: 260116|| aca||aabn | a|a d
040 ## - Katalogisierungsquelle
- Original-Katalogisierungsstelle:
- Übertragungsstelle:
100 ## - Ansetzung - Personenname
- Personenname: Martâinez, Francisco
670 ## - Datenquelle
- Quellenangabe: Work cat.: ()73621: Martâinez, Francisco aut, Remains of the Soviet Past in Estonia